000 00924nam a22002057a 4500
999 _c9839
_d9839
003 AR-CdUCM
008 190328b ||||| |||| 00| 0 spa d
040 _aMUNICIPALIDAD PROVINCIAL DEL CUSCO
_cBIBLIOTECA MUNICIPAL DEL CUSCO
082 _a983.042 /
_bG16 E / 1942
100 _aGalván Moreno, Cándido,
_926318
245 _aEl libertador de Chile 0'Higgins, el gran amigo de San Martín /
260 _aBuenos Aires :
_b Edit. Claridad,
_c1942.
300 _a287 paginas ;
_c20 cm.
505 _aContenido : Chile colonial -- El adolescente Bernardo Riquelme en Europa -- El regreso a la patria -- O´higgins, elemento activo de la revolución -- Primeras campañas militares de la revolución Chilena -- O´higgins general en jefe del ejercito de Chile...
650 _aEjercito Chileno
_926319
650 _aChile colonial
_926320
650 _aRevolución Chilena
_926321
942 _2ddc
_cLIBROS
945 _awnts